Every Song In My 2024 Monthly Playlists - Statistics

General Stats
  • This quiz has been taken 2 times
  • The average score is 32 of 343
Answer Stats
Artist Answers % Correct
the japanese house :)
100%
rina sawayama cherry
100%
beabadoobee apple cider
50%
beabadoobee beaches
50%
lizzy mcalpine broken glass
50%
kacey musgraves | liana flores butterflies
50%
lizzy mcalpine ceilings
50%
kacey musgraves cherry blossom
50%
sabrina carpenter coincidence
50%
lizzy mcalpine drunk, running
50%
sabrina carpenter espresso
50%
ariana grande fake smile
50%
sabrina carpenter feather
50%
mitski first love / late spring
50%
laufey from the start
50%
phoebe bridgers georgia
50%
olivia rodrigo get him back!
50%
ariana grande ghostin
50%
kacey musgraves happy & sad
50%
mitski heaven
50%
kacey musgraves heaven is
50%
kacey musgraves high horse
50%
phoebe bridgers i know the end
50%
ariana grande imperfect for you
50%
wasia project is this what love is?
50%
phoebe bridgers it'll all work out
50%
ariana grande i wish i hated you
50%
kacey musgraves jade green
50%
seal kiss from a rose
50%
phoebe bridgers kyoto
50%
olivia rodrigo logical
50%
kacey musgraves lonely weekend
50%
kacey musgraves love is a wild thing
50%
phoebe bridgers moon song
50%
phoebe bridgers motion sickness
50%
lizzy mcalpine movie star
50%
mitski my love mine all mine
50%
lizzy mcalpine nothing / sad n stuff
50%
kacey musgraves nothing to be scared of
50%
boygenius not strong enough
50%
lizzy mcalpine older
50%
sabrina carpenter please please please
50%
lizzy mcalpine pushing it down and praying
50%
liana flores rises the moon
50%
carly rae jepsen run away with me
50%
phoebe bridgers scott street
50%
phoebe bridgers sidelines
50%
kacey musgraves slow burn
50%
lizzy mcalpine soccer practice
50%
kacey musgraves space cowboy
50%
lizzy mcalpine spring into summer
50%
ariana grande supernatural
50%
beabadoobee take a bite
50%
kacey musgraves the architect
50%
lizzy mcalpine the elevator
50%
wasia project to get better
50%
ariana grande true story
50%
olivia rodrigo vampire
50%
mitski washing machine heart
50%
ariana grande we can't be friends (wait for your love)
50%
ariana grande yes, and?
50%
leehom wang 落叶归根
0%
leehom wang 另一个天堂
0%
jess lee 想天堂的悬崖
0%
jess lee 寂寞先生
0%
angela chang 阿刁
0%
hua chen yu 平凡之路
0%
mayday 少年他的奇幻漂流
0%
rex orange county 10/10
0%
beabadoobee 10:36
0%
lizzy mcalpine 7pm
0%
bruno mars | carly rae jepsen after last night
0%
alvvays after the earthquake
0%
rina sawayama akasaka sad
0%
lizzy mcalpine a little bit of everything
0%
conan gray alley rose
0%
lizzy mcalpine all falls down
0%
lizzy mcalpine all my ghosts
0%
rex orange county amazing
0%
ryan beatty andromeda
0%
beabadoobee a night to remember
0%
beabadoobee animal noises
0%
lizzy mcalpine apple pie
0%
björk arisen my senses
0%
ariana grande baby i
0%
björk bachelorette
0%
selena gomez back to you
0%
faouzia bad dreams - stripped
0%
ben kessler bad taste
0%
madness baggy trousers
0%
laufey beautiful stranger
0%
nicki minaj bed
0%
jessie ware begin again
0%
kelly clarkson behind these hazel eyes
0%
common be (intro)
0%
ariana grande better off
0%
willow b i g f e e l i n g s
0%
björk big time sensuality
0%
billie eilish birds of a feather
0%
avril lavigne bite me
0%
björk black lake
0%
ariana grande blazed
0%
ailee blue bird
0%
kanye west bound 2
0%
ryan beatty bruises off the peach
0%
bizarrap bzrp music sessions, vol. 53/66
0%
laufey california and me
0%
lizzy mcalpine called you again
0%
taylor swift cardigan
0%
thee oh sees cassius, brutus & judas
0%
rina sawayama catch me in the air
0%
flo caught up
0%
porter robinson cheerleader
0%
lizzy mcalpine chemtrails
0%
ryan beatty cinnamon bread
0%
sophia james circadian rhythm
0%
taeyeon circus
0%
carly rae jepsen come over
0%
björk come to me
0%
beabadoobee coming home
0%
jen-z counting sheep
0%
joshua bassett crisis
0%
magdalena bay cry for me
0%
björk crying
0%
freya ridings dancing in a hurricane
0%
ruth b. dandelions
0%
laufey dear soulmate
0%
magdalena bay death & romance
0%
addison rae diet pepsi
0%
lana del rey doin' time
0%
siobhán winifred don't do well alone
0%
joshua bassett doppelgänger
0%
bôa duvet
0%
rina sawayama dynasty
0%
cody fry eleanor rigby
0%
carly rae jepsen emotion
0%
gorillaz empire ants
0%
taylor swift enchanted
0%
lizzy mcalpine erase me
0%
beabadoobee ever seen
0%
laufey everything i know about love
0%
beabadoobee fairy song
0%
all time low fake as hell
0%
laufey falling behind
0%
stacey ryan fall in love alone
0%
fiona apple fast as you can
0%
carly rae jepsen favourite colour
0%
magdalena bay fear, sex
0%
joey contreras first sign of forever
0%
eric nam float
0%
lizzy mcalpine force of nature
0%
sufjan stevens fourth of july
0%
rina sawayama frankenstein
0%
ashe fun while it lasted
0%
faouzia fur elise
0%
vampire weekend gen-x cops
0%
lizzy mcalpine give me a minute
0%
beabadoobee glue song
0%
laufey goddess
0%
chappell roan good luck, babe!
0%
mac miller good news
0%
owl city good time
0%
rex orange county guitar song
0%
liana flores halfway heart
0%
taylor swift haunted
0%
beabadoobee he gets me so high
0%
liana flores hello again
0%
avril lavigne here's to never growing up
0%
faouzia hero
0%
imogen heap hide and seek
0%
eric nam hold me
0%
lizzy mcalpine hold on
0%
rina sawayama hold the girl
0%
the lemon twigs how can i love her more?
0%
whitney houston how will i know
0%
björk hunter
0%
bridgit mendler hurricane
0%
björk hyper-ballad
0%
beabadoobee if you want to
0%
lizzy mcalpine i guess
0%
cody fry i hear a symphony
0%
faouzia il0v3y0u
0%
lecrae i'll find you
0%
avril lavigne i'm with you
0%
lizzy mcalpine in what world
0%
carly rae jepsen i really like you
0%
rex orange county it gets better
0%
ben kessler i think i
0%
céline dion it's all coming back to me now
0%
ariana grande jason's song (gave it away)
0%
björk jóga
0%
novo amor just another way
0%
fujii kaze kaerou
0%
carly rae jepsen kamikaze
0%
the polar boys kendall drive
0%
magdalena bay killing time
0%
carly rae jepsen kollage
0%
beabadoobee last day on earth
0%
avril lavigne let me go
0%
tamar braxton let me know
0%
carly rae jepsen let's sort the whole thing out
0%
laufey letter to my 13 year old self
0%
laufey let you break my heart again
0%
the pentangle light flight
0%
caroline polachek long road home
0%
joshua bassett look how far you've come
0%
shannon love don't hurt
0%
beabadoobee lovesong
0%
iu love wins all
0%
carly rae jepsen making the most of the night
0%
lizzy mcalpine march
0%
mitski me and my husband
0%
hinata kashiwagi me kara nagareta uta
0%
novo amor me v2
0%
eric nam miss you
0%
all time low monsters
0%
joji mr. hollywood
0%
owl city my everything
0%
mac miller my favorite part
0%
ariana grande my hair
0%
sufjan stevens my red little fox
0%
sufjan stevens mystery of love
0%
laufey night light
0%
liana flores nightvisions
0%
mitski nobody
0%
avril lavigne nobody's home
0%
ginger root no problems
0%
lana del rey norman fucking rockwell
0%
the polar boys nothing has changed
0%
liana flores now and then
0%
dora jar no way to relax when you are on fire
0%
carly rae jepsen now that i found you
0%
ariana grande off the table
0%
beabadoobee one time
0%
ginger root only you
0%
gorillaz on melancholy hill
0%
liana flores orange-coloured day
0%
lizzy mcalpine orange show speedway
0%
novo amor ornaments
0%
lizzy mcalpine over-the-ocean call
0%
stacey ryan over tonight
0%
lizzy mcalpine pancakes for dinner
0%
fiona apple paper bag
0%
jeck parapluie
0%
steely dan peg
0%
wasia project petals on the moon
0%
beabadoobee pictures of us
0%
beyoncé plastic off the sofa
0%
ariana grande pov
0%
laufey promise
0%
maisie peters psycho
0%
carly rae jepsen put it to rest
0%
beabadoobee real man
0%
lizzy mcalpine reckless driving
0%
the neighbourhood reflections
0%
ariana grande r.e.m.
0%
wasia project remember when
0%
beabadoobee ripples
0%
avril lavigne rock n roll
0%
d.o. rose
0%
lizzy mcalpine same boat
0%
novo amor same day, same face
0%
fujii kaze sayonara baby
0%
joshua bassett secret
0%
beabadoobee see you soon
0%
carly rae jepsen shadow
0%
noah kahan she calls me back
0%
fujii kaze shinunoga e-wa
0%
sufjan stevens shit talk
0%
ava max sleepwalker
0%
all time low sleepwalking
0%
avril lavigne slipped away
0%
rina sawayama snakeskin
0%
caroline polachek so hot you're hurting my feelings
0%
the oh hellos soldier, poet, king
0%
wasia project somebody come through
0%
beabadoobee soren
0%
yukika soul lady
0%
jessie ware spotlight
0%
caroline polachek spring is coming with a strawberry in the mouth
0%
yerin baek square (2017)
0%
carly rae jepsen stadium love
0%
jung kook standing next to you
0%
ailee starting now
0%
novo amor state lines
0%
jung kook stay alive
0%
siobhán winifred stay for good
0%
lizzy mcalpine staying
0%
ariana grande stuck with u
0%
men i trust sugar
0%
ethel cain sun bleached flies
0%
sampha suspended
0%
madison beer sweet relief
0%
charli xcx sympathy is a knife
0%
willow symptom of life
0%
wasia project takes me back home
0%
beabadoobee talk
0%
carly rae jepsen talking to yourself
0%
conan gray telepath
0%
kali uchis telepatía
0%
magdalena bay the beginning
0%
electric light orchestra the diary of horace wimp
0%
joshua bassett the golden years
0%
carly rae jepsen the loneliest time
0%
nicki minaj the night is still young
0%
beabadoobee the perfect pair
0%
kero kero bonito the princess and the clock
0%
imogen heap the walk
0%
beabadoobee the way things go
0%
beabadoobee tinkerbell is overrated
0%
aurora to be alright
0%
rina sawayama tokyo love hotel
0%
jojo too little too late
0%
regina spektor two birds
0%
tori kelly unbelievable
0%
björk unison
0%
wasia project ur so pretty
0%
lizzy mcalpine vortex
0%
carly rae jepsen want you in my room
0%
magdalena bay watching t.v.
0%
caroline polachek welcome to my island
0%
carly rae jepsen western wind
0%
future we still don't trust you
0%
lizzy mcalpine what a shame
0%
justin bieber what do you mean?
0%
cody fry what if
0%
avril lavigne what the hell
0%
carly rae jepsen when i needed you
0%
laufey while you were sleeping
0%
rina sawayama who's gonna save u now?
0%
grentperez why i love you
0%
sufjan stevens will anybody ever love me?
0%
dodie would you be so kind
0%
rina sawayama xs
0%
demi lovato you don't do it for me anymore
0%
lizzy mcalpine you forced me to
0%
ariana grande you'll never know
0%
tori kelly you & me makes us
0%
aurora your blood
0%
beabadoobee you're here that's the thing
0%
carly rae jepsen your type
0%
No matching quizzes found
Score Distribution
Percent of People with Each Score
Percentile by Number Answered
Your Score History
You have not taken this quiz